| 000 | 00579nam a2200193 a 4500 | ||
|---|---|---|---|
| 005 | 20210223121517.0 | ||
| 008 | 991125s1979 mx 000 0 spa u | ||
| 020 | _a9685826137 | ||
| 035 | _aUPN01000019012 | ||
| 049 | _aCG | ||
| 050 | 4 |
_aKGC353 _bM8.3 |
|
| 100 | 1 |
_aMuñoz, Virgilio _929569 |
|
| 245 | 1 | 0 |
_aElementos jurídico-históricos del municipio en México / _cVirgilio Muñoz, Mario Ruiz Massieu. |
| 260 |
_aMéxico : _bUNAM, _c1979. |
||
| 300 | _a250 p. | ||
| 650 | 4 |
_aADMINISTRACION MUNICIPAL _9633 |
|
| 700 | 1 |
_aRuiz Massieu, Mario, _ecoaut. _936086 |
|
| 905 | _aLibro | ||
| 999 |
_c19012 _d19012 |
||